Spacebar Challenge II Quiz Stats

 Plays Quiz Updated Sep 12, 2013

Support Sporcle.
Go Orange.
Score 0/225 Timer 00:30
45 Plays Today
% Correct
99%
98.7%
98.7%
98.6%
98.5%
98.4%
98.3%
98.2%
98.1%
98%
97.9%
97.8%
97.7%
97.6%
97.6%
97.5%
97.4%
97.3%
97.2%
97.1%
97%
96.9%
96.9%
96.8%
96.7%
96.6%
96.5%
96.4%
96.3%
96.3%
96.2%
96.1%
96%
95.9%
95.9%
95.8%
95.7%
95.6%
95.5%
95.5%
95.4%
95.3%
95.2%
95.2%
95.1%
95%
95%
94.9%
94.8%
94.8%
94.7%
94.7%
94.6%
94.5%
94.5%
94.4%
94.3%
94.3%
94.2%
94.1%
94%
93.9%
93.9%
93.8%
93.7%
93.6%
93.5%
93.5%
93.4%
93.3%
93.2%
93.1%
93%
92.9%
92.8%
% Correct
92.7%
92.7%
92.6%
92.5%
92.4%
92.3%
92.2%
92.1%
92%
91.9%
91.8%
91.7%
91.6%
91.5%
91.4%
91.3%
91.2%
91.1%
91%
90.9%
90.8%
90.7%
90.6%
90.5%
90.4%
90.3%
90.2%
90.1%
89.9%
89.8%
89.7%
89.6%
89.4%
89.3%
89.2%
89%
88.9%
88.8%
88.6%
88.5%
88.3%
88.2%
88%
87.8%
87.7%
87.5%
87.3%
87.2%
87%
86.8%
86.6%
86.4%
86.2%
86%
85.8%
85.6%
85.4%
85.2%
84.9%
84.7%
84.4%
84.2%
83.9%
83.7%
83.4%
83.1%
82.8%
82.5%
82.2%
81.9%
81.5%
81.2%
80.8%
80.5%
80.1%
% Correct
79.7%
79.3%
78.8%
78.4%
77.9%
77.5%
77%
76.5%
76%
75.4%
74.9%
74.3%
73.8%
73.2%
72.6%
72%
71.3%
70.7%
70%
69.3%
68.6%
67.9%
67.2%
66.5%
65.8%
65%
64.2%
63.5%
62.7%
61.9%
61.1%
60.2%
59.4%
58.6%
57.8%
56.9%
56.1%
55.3%
54.4%
53.6%
52.7%
51.8%
51%
50.1%
49.3%
48.4%
47.6%
46.7%
45.8%
45%
44.2%
43.3%
42.5%
41.7%
40.9%
40.1%
39.3%
38.5%
37.7%
36.9%
36.2%
35.4%
34.7%
34%
33.3%
32.6%
31.9%
31.2%
30.6%
30%
29.3%
28.8%
28.2%
27.7%
27.5%

You're not logged in!

Compare scores with friends on all Sporcle quizzes.
OR
Log In
Forgot?

From the Vault

Countries Ending in 'E'

by Markovic

If Sporcle were a country, we would be on this quiz...but we are not yet recognized by the U.N.
Remove Ads.
Support Sporcle.
Get the best of Sporcle when you Go Orange. This ad-free experience offers more features, more stats, and more fun while also helping to support Sporcle. Thank you for becoming a member.

Show Comments

Extras

Top Quizzes Today


Score Distribution

Your Account Isn't Verified!

In order to create a playlist on Sporcle, you need to verify the email address you used during registration. Go to your Sporcle Settings to finish the process.

Report this User

Report this user for behavior that violates our Community Guidelines.

Details: